Biggest cities in Germany- Top 300 - Statistics

General Stats
  • This quiz has been taken 1,009 times
  • The average score is 138 of 300
Answer Stats
Rang Answer Einwohner % Correct
1 Berlin 3 613495
98%
2 Hamburg 1 830 584
96%
5 Frankfurt (Main) 746 878
95%
3 München 1 456 039
93%
7 Düsseldorf 617 280
92%
153 Frankfurt (Oder) 58 237
92%
11 Bremen 568 006
91%
12 Dresden 551 072
91%
4 Köln 1 080 394
91%
6 Stuttgart 632 743
91%
8 Dortmund 586 600
90%
13 Hannover 535 061
90%
10 Leipzig 581980
90%
9 Essen 583 393
88%
19 Bonn 325 490
86%
28 Kiel 247 943
86%
30 Aachen 246 272
85%
14 Nürnberg 515 201
85%
260 Freiberg 41 496
82%
33 Freiburg 229 636
82%
36 Mainz 215 110
82%
22 Mannheim 307 997
82%
39 Rostock 208 409
82%
18 Bielefeld 332552
81%
32 Magdeburg 238 478
81%
44 Potsdam 175 710
81%
42 Saarbrücken 180 966
81%
23 Augsburg 292 851
80%
15 Duisburg 498 110
80%
16 Bochum 365 529
78%
21 Karlsruhe 311919
78%
35 Lübeck 216 318
78%
20 Münster 313 559
78%
61 Ulm 125 596
78%
64 Wolfsburg 123 914
78%
29 Chemnitz 246 855
77%
37 Erfurt 212 988
77%
72 Jena 111 099
77%
17 Wuppertal 353 590
77%
27 Braunschweig 248 023
76%
26 Gelsenkirchen 260 305
76%
57 Ingolstadt 135 244
76%
25 Mönchengladbach 262 188
76%
70 Bremerhaven 113 026
75%
31 Halle (Saale) 239173
75%
40 Kassel 200 736
75%
24 Wiesbaden 278 654
75%
52 Darmstadt 158 254
74%
49 Leverkusen 163 577
74%
75 Trier 110 013
74%
55 Regensburg 150 894
73%
50 Heidelberg 160 601
72%
68 Koblenz 113 844
72%
48 Osnabrück 164 374
72%
93 Flensburg 88 519
71%
56 Paderborn 149 075
71%
59 Würzburg 126 635
71%
81 Kaiserslautern 99 684
70%
47 Oldenburg (Oldenburg) 167 081
70%
80 Cottbus 101 036
69%
65 Göttingen 119 529
68%
85 Schwerin 95 797
68%
60 Fürth 126 526
67%
86 Gera 94 859
67%
43 Hamm 179 185
67%
34 Krefeld 226 699
66%
38 Oberhausen 211 422
66%
91 Zwickau 90 192
66%
46 Ludwigshafen (Rhein) 168 497
65%
58 Offenbach (Main) 126 658
65%
73 Erlangen 110 998
64%
98 Konstanz 84 441
64%
121 Brandenburg (Havel) 71 886
63%
62 Heilbronn 125 113
63%
182 Passau 51 781
63%
117 Bayreuth 73 999
62%
71 Bergisch Gladbach 111 627
62%
51 Solingen 158 803
62%
41 Hagen 187 730
61%
45 Mülheim (Ruhr) 171 265
61%
63 Pforzheim 124 289
61%
137 Weimar 64 426
61%
100 Worms 83 081
61%
166 Baden Baden 54 718
60%
107 Bamberg 77 179
60%
79 Hildesheim 101 744
60%
54 Neuss 153 810
59%
67 Reutlingen 115 762
59%
76 Salzgitter 104 548
59%
78 Siegen 102 337
59%
94 Gießen 87 343
58%
84 Hanau 96 130
58%
69 Recklinghausen 113 360
58%
92 Tübingen 89 447
58%
124 Aschaffenburg 69 928
57%
66 Bottrop 117 364
57%
53 Herne 156 490
57%
223 Hof 45 950
57%
87 Ludwigsburg 93 593
57%
127 Fulda 67 973
56%
109 Wilhelmshaven 76 316
56%
83 Witten 96 565
56%
110 Marburg 76 226
55%
97 Villingen-Schwenningen 84 557
55%
90 Düren 90 502
54%
114 Lüneburg 75 192
54%
125 Celle 69 706
53%
151 Greifswald 58 886
53%
82 Gütersloh 99 315
53%
89 Iserlohn 92 928
53%
149 Stralsund 59 517
53%
101 Dessau-Roßlau 82 111
52%
88 Esslingen (Neckar) 93 004
52%
77 Moers 103 949
52%
201 Cuxhaven 48 470
51%
147 Friedrichshafen 60 088
51%
160 Görlitz 56 391
51%
74 Remscheid 110 584
51%
141 Rosenheim 63 080
51%
129 Aalen 67 849
50%
178 Ahlen 52 530
50%
187 Emden 50 607
50%
138 Neubrandenburg 64 259
50%
104 Neumünster 79 335
50%
95 Ratingen 87 226
50%
173 Schweinfurt 53 437
49%
170 Bad Homburg 53 884
48%
122 Landshut 71 193
48%
103 Minden 81 698
48%
99 Marl 83 695
47%
154 Neu-Ulm 57 727
47%
263 Coburg 41 236
46%
126 Kempten 68 330
46%
150 Offenburg 59 060
46%
190 Ravensburg 50 393
46%
246 Wismar 42 906
46%
96 Lünen 86 465
44%
240 Memmingen 43 470
44%
235 Neustadt (Rübenberge) 43 964
44%
174 Neustadt (Weinstraße) 53 353
44%
133 Plauen 65 148
44%
186 Speyer 50 931
44%
128 Lippstadt 67 936
43%
157 Unna 57 158
43%
212 Dachau 47 255
42%
106 Delmenhorst 77 521
42%
116 Detmold 74 353
42%
185 Goslar 51 128
42%
254 Homburg 41 934
41%
227 Gotha 45 589
40%
195 Heidenheim (Brenz) 49 297
40%
177 Wetzlar 52 828
40%
123 Bocholt 71 036
39%
247 Eisenach 42 710
39%
156 Hameln 57 228
39%
111 Rheine 76 018
39%
285 Bautzen 39 429
38%
155 Euskirchen 57 715
38%
183 Kleve 51 320
38%
120 Lüdenscheid 72 894
38%
108 Viersen 76 586
38%
220 Wittenberg 46 272
38%
118 Castrop-Rauxel 73 989
37%
112 Gladbeck 75 689
37%
105 Norderstedt 78 679
37%
134 Rüsselsheim (Main) 64 922
37%
158 Göppingen 57 094
36%
188 Gummersbach 50 497
36%
300 Langen (Hessen) 37 527
36%
196 Lörrach 49 213
36%
234 Oranienburg 43 982
36%
144 Schwäbisch Gmünd 60 914
36%
280 Schwäbisch Hall 39 818
36%
136 Sindelfingen 64 599
36%
102 Velbert 82 061
36%
257 Ansbach 41 652
35%
191 Böblingen 50 035
35%
203 Freising 48 318
35%
140 Grevenbroich 63 204
35%
270 Pirmasens 40 632
35%
197 Rastatt 49 100
35%
278 Stendal 39 822
35%
179 Wolfenbüttel 52 357
35%
251 Amberg 42 248
34%
119 Arnsberg 73 814
34%
113 Dorsten 75 252
34%
131 Herford 66 923
34%
168 Lingen (Ems) 54 117
34%
214 Neunkirchen 46 767
34%
135 Neuwied 64 661
34%
192 Peine 49 901
34%
209 Soest 47 376
34%
115 Troisdorf 74 870
34%
130 Dinslaken 67 489
33%
139 Dormagen 64 177
33%
175 Nordhorn 53 278
33%
208 Straubing 47 586
33%
146 Wesel 60 496
33%
281 Buxtehude 39 782
32%
161 Eschweiler 56 207
32%
148 Hürth 59 762
32%
132 Kerpen 65 420
32%
219 Landau (Pfalz) 46 292
32%
253 Nordhausen 42 014
32%
296 Pirna 38 276
32%
210 Stade 47 330
32%
194 Elmshorn 49 618
31%
145 Garbsen 60 875
31%
167 Hattingen 54 628
31%
163 Hilden 55 817
31%
255 Aurich 41 854
30%
189 Bad Kreuznach 50 484
30%
199 Bad Oeynhausen 48 747
30%
180 Frechen 52 212
30%
206 Singen (Hohentwiel) 47 716
30%
171 Bad Salzuflen 53 856
29%
202 Frankenthal (Pfalz) 48 417
29%
181 Ibbenbüren 52 037
29%
169 Pulheim 53 900
29%
162 Sankt Augustin 55 873
29%
143 Bergheim 61 099
28%
275 Eberswalde 40 223
28%
193 Erftstadt 49 647
28%
256 Heinsberg 41 673
28%
152 Langenfeld (Rhein) 58 698
28%
172 Langenhagen 53 790
27%
176 Menden (Sauerland) 53 046
27%
279 Neumarkt (Oberpfalz) 39 822
27%
159 Stolberg (Rhein) 56 751
27%
165 Waiblingen 55 123
27%
248 Weiden (Oberpfalz) 42 543
27%
267 Halberstadt 40 871
26%
239 Kaufbeuren 43 478
26%
268 Lemgo 40 871
26%
164 Meerbusch 55 548
26%
245 Pinneberg 43 155
26%
262 Siegburg 41 326
26%
288 Freital 39 300
25%
252 Gifhorn 42 239
25%
142 Herten 61 669
25%
242 Kamen 43 275
25%
264 Königswinter 41 050
25%
295 Mettmann 38 789
25%
200 Rheda-Wiedenbrück 48 685
25%
286 Völklingen 39 376
25%
198 Bergkamen 48 829
24%
233 Brühl 44 144
24%
216 Dülmen 46 507
24%
215 Schwerte 46 641
24%
184 Willich 51 179
24%
249 Borken 42 509
23%
299 Haltern am See 37 977
23%
269 Schwabach 40 781
23%
228 Weinheim 45 114
23%
297 Bernau (Berlin) 38 194
22%
291 Bitterfeld-Wolfen 39 103
22%
231 Bruchsal 44 532
22%
241 Erkelenz 43 392
22%
211 Hennef (Sieg) 47 293
22%
207 Gronau (Westf.) 47 671
21%
204 Leonberg 48 222
21%
221 Lahr (Schwarzwald) 46 156
20%
218 Melle 46 451
20%
250 Nettetal 42 265
20%
290 Ahaus 39 185
19%
273 Bensheim 40 326
19%
243 Bietigheim-Bissingen 43 266
19%
238 Falkensee 43 552
19%
272 Kirchheim unter Teck 40 446
19%
265 Nürtingen 41 017
19%
205 Bornheim 48 173
18%
261 Laatzen 41 449
18%
276 Löhne 39 867
18%
229 Albstadt 45 023
17%
292 Buchholz (Nordheide) 39 042
17%
226 Bünde 45 712
17%
287 Ettlingen 39 315
17%
224 Filderstadt 45 807
17%
244 Kaarst 43 216
17%
271 Monheim (Rhein) 40 598
17%
222 Oberursel (Taunus) 46 069
17%
237 Rottenburg (Neckar) 43 615
17%
293 Würselen 38 934
17%
258 Dreieich 41 548
16%
274 Germering 40 285
16%
217 Herzogenrath 46 462
16%
282 Hofheim (Taunus) 39 692
16%
259 Wunstorf 41 532
16%
213 Alsdorf 46 891
15%
232 Erkrath 44 409
15%
294 Maintal 38 930
15%
298 Niederkassel 38 057
15%
230 Rodgau 44 725
15%
283 Schorndorf 39 601
15%
284 Hückelhoven 39 585
14%
236 Lehrte 43 932
14%
266 Weißenfels 40 874
14%
225 Fellbach 45 783
13%
289 Ostfildern 39 205
13%
277 Leinfelden-Echterdingen 39 826
12%
No matching quizzes found
Score Distribution
Percent of People with Each Score
Percentile by Number Answered
Your Score History
You have not taken this quiz